|
|
|
|
| LEADER |
01112aam a22003498a 4500 |
| 001 |
00032373 |
| 005 |
20171026081025.0 |
| 008 |
140813s2010 ||||||viesd |
| 020 |
|
|
|c 285000
|
| 041 |
0 |
# |
|a vie
|
| 082 |
1 |
4 |
|a 650.072
|b PH561PH
|
| 100 |
1 |
# |
|a Saunders, Mark
|
| 245 |
1 |
0 |
|a Phương pháp nghiên cứu trong kinh doanh
|c Mark Saunders, Philip Lewis, Adrian Thornhill ; Nguyễn Văn Dung (dịch)
|
| 246 |
0 |
1 |
|a Research methods for business students
|
| 250 |
# |
# |
|a Tái bản lần thứ 4
|
| 260 |
# |
# |
|b Tài chính
|c 2010
|a Hà Nội
|
| 300 |
# |
# |
|a xxxi, 710 tr.
|b minh họa
|c 29 cm.
|
| 653 |
# |
# |
|a Dự án
|
| 653 |
# |
# |
|a Kinh doanh
|
| 653 |
# |
# |
|a Nghiên cứu
|
| 653 |
# |
# |
|a Lý thuyết
|
| 700 |
1 |
# |
|a Lewis, Philip
|
| 700 |
1 |
# |
|a Nguyễn, Văn Dung
|e Dịch
|
| 700 |
1 |
# |
|a Thornhill, Adrian
|
| 852 |
# |
# |
|b Kho mượn
|j KM.0017104
|
| 852 |
# |
# |
|j KM.0017104
|j KD.0016010
|
| 852 |
# |
# |
|b Kho đọc
|j KD.0016010
|
| 910 |
|
|
|d 13/8/2014
|
| 980 |
# |
# |
|a Trung tâm Học liệu Lê Vũ Hùng, Trường Đại học Đồng Tháp
|